Plasman hrvatske turističke ponude znanstveni i stručni skup, zbornik, Opatija, 24. i 25. lipanj 1993
Guardado en:
| Formato: | Libro |
|---|---|
| Lenguaje: | croata |
| Publicado: |
Opatija
Hotelijerski fakultet
1993
|
| Edición: | 1. izd. |
| Materias: | |
| Etiquetas: |
Sin Etiquetas, Sea el primero en etiquetar este registro!
|
MARC
| LEADER | 00000nam a2200000 4500 | ||
|---|---|---|---|
| 001 | c010276 | ||
| 005 | 20221206074902.5 | ||
| 041 | 0 | |a hrv | |
| 044 | |a HR | ||
| 245 | 1 | 0 | |a Plasman hrvatske turističke ponude |b znanstveni i stručni skup, zbornik, Opatija, 24. i 25. lipanj 1993 |
| 250 | |a 1. izd. | ||
| 264 | 1 | |a Opatija |b Hotelijerski fakultet |c 1993 | |
| 300 | |a 260 s. | ||
| 610 | 2 | 0 | |a turistika |
| 610 | 2 | 0 | |a ruch cestovný |
| 610 | 2 | 0 | |a predaj |
| 610 | 2 | 0 | |a odbyt |
| 610 | 2 | 0 | |a plánovanie |
| 610 | 2 | 0 | |a stratégia marketingová |
| 610 | 2 | 0 | |a Juhoslávia |
| 610 | 2 | 0 | |a Chorvátsko |